01280 a2200193 4500003000500000005001700005010001200022020002200034040000900056082001400065100001900079245005500098250001200153260003700165300006400202505078100266650001501047700002401062Nust20221125123833.0 a7652135 a0316091960 (pbk.) cNust00a523.1,BER1 aBerman, Louis.10aExploring the cosmos / cLouis Berman, J.C. Evans. a2nd ed. aBoston :bLittle, Brown,cc1986. axi, 579 p., [16] p. of plates :bill. (some col.) ;c26 cm. aIntroduction to the Cosmos (Page-1), Early Descriptions of the Cosmos (Page-13), Widening Cosmos logical Horizons (Page-29), Celestial Radiation and the Atom (Page-41), Telescopes and Their Accessories (Page-65), Our Blue White Planet Earth (Page-87), The Moon A Marred World (Page-109), The Solar Systems (Page-131), Planets Satellites and Minor Bodies (Page-147), The Sun Our Bridge to the Stars (Page-187), The Galaxy Studding its Stars (Page-211), The Galaxy and Gas (Page-237), Life Cycles of the Stars (Page-259), Galaxies (Page-287), Cosmic Violence (Page-309), Introduction to Relativity (Page-329), Cosmology (Page-345), Astronomy in Space (Page-361), Exobiology Life on Other Worlds (Page-375), Interstellar Flight and Communication (Page-389), Epilogue (Page-399). 0aAstronomy.1 aEvans, J. C.d1938-